GPS for land surveyors
| Main Author: | |
|---|---|
| Format: | Book |
| Language: | English |
| Published: |
Florida :
Taylor & Francis ,
2008
|
| Subjects: |
MARC
| LEADER | 00000cam a2200000 7i4500 | ||
|---|---|---|---|
| 001 | 0000022635 | ||
| 005 | 20100306.0 | ||
| 008 | 100305s flua eng | ||
| 020 | |a 9780849391958 , |c RM344.46 | ||
| 040 | |a INS | ||
| 090 | 0 | 0 | |a TA595.5 |b V36 2008 |
| 100 | 1 | |a Van Sicklen, Jan | |
| 245 | 1 | 0 | |a GPS for land surveyors |c Jan Van Sickle |
| 260 | |a Florida : |b Taylor & Francis , |c 2008 | ||
| 300 | |a xxi, 338p. : |b ill.col ; |c 24cm. | ||
| 500 | |a Includes index | ||
| 650 | 0 | |a Artificial satellites in surveying | |
| 650 | 0 | |a Global positioning system | |
| 999 | |a 0000021511 |b BOOK |c Open Shelf |e Default branch | ||